| 000 | 00510nam a2200181 a 4500 | ||
|---|---|---|---|
| 005 | 20140310183313.0 | ||
| 008 | 051018s19uu xx 00 eng d | ||
| 020 | _a9780071215121 | ||
| 050 |
_aHF 5635 _b.So6892 2004 |
||
| 100 | _aSolomon, Paul | ||
| 245 |
_aFinancial accounting : _ba new perspective / _cPaul Solomon. |
||
| 260 |
_aNew York : _bMcGraw-Hill/Irwin, _c2004. |
||
| 300 |
_a826 p. : _bill. col. ; _c29 cm. |
||
| 521 | _aBSA | ||
| 650 | _aAccounting. | ||
| 942 |
_cBK _2lcc _kFOR |
||
| 999 |
_c21210 _d21210 |
||